000 00622nam a2200253Ia 4500
005 20260306152741.0
008 008 260114s9999 xx 000 0 eng d
020 _a9781839372391
037 _aEBOOK
040 _aCRL
040 _beng
040 _cCRL
041 _2eng
041 _aeng
084 _qCRL
100 _aJohn Launa
_91124212
245 0 _aFundamentals of Land Use Planning and Management
260 _bEduco Publisher
260 _c2022
856 _uhttps://www.asapglobe.com/searchtitles.aspx?query=9781839372391
942 _cEBOOK
999 _c1701388
_d1701388